| 000 | 00563nam a22001695i 4500 | ||
|---|---|---|---|
| 001 | 53978 | ||
| 003 | ES-MaACL | ||
| 005 | 20230906162851.0 | ||
| 007 | t| | ||
| 008 | 960710s1867 sp ||||1| fre d | ||
| 100 | 1 |
_aFerrara, M. _950297 |
|
| 245 | 1 | 0 | _aExposé financier de M. Ferrara... á la Chambre des Deputés... séance du 9 mai 1867. |
| 260 |
_aParis : _b[s.n.], _c1867 ( _fTyp. de l'Italie dirigée par Paul Jaccottet) |
||
| 300 |
_a48 p. ; _c21 cm. |
||
| 594 | _aEjemp. falto de port.; datos tomados de cabecera de texto. | ||
| 852 | 4 |
_aES-MaACL _jT-88-F-7 |
|
| 999 |
_c53978 _d53978 |
||